The economics of tourism destinations : (Record no. 39301)

MARC details
000 -LEADER
fixed length control field 02073nam a22002657a 4500
003 - CONTROL NUMBER IDENTIFIER
control field CUTN
005 - DATE AND TIME OF LATEST TRANSACTION
control field 20230714171702.0
008 - FIXED-LENGTH DATA ELEMENTS--GENERAL INFORMATION
fixed length control field 230714b |||||||| |||| 00| 0 eng d
020 ## - INTERNATIONAL STANDARD BOOK NUMBER
International Standard Book Number 9781032192147
020 ## - INTERNATIONAL STANDARD BOOK NUMBER
International Standard Book Number 9781032192192
020 ## - INTERNATIONAL STANDARD BOOK NUMBER
Cancelled/invalid ISBN 9781003258186
041 ## - LANGUAGE CODE
Language English
082 00 - DEWEY DECIMAL CLASSIFICATION NUMBER
Classification number 338.479
Edition number 23
Item number VAN
100 1# - MAIN ENTRY--PERSONAL NAME
Personal name Vanhove, Norbert.
245 14 - TITLE STATEMENT
Title The economics of tourism destinations :
Remainder of title theory and practice /
Statement of responsibility, etc Norbert Vanhove.
250 ## - EDITION STATEMENT
Edition statement 4th ed.
300 ## - PHYSICAL DESCRIPTION
Extent xxiv, 476 p. :
Other physical details ill. pbk. ;
Dimensions 25 cm
500 ## - GENERAL NOTE
General note "First edition published by Butterworth-Heinemann, 2004. Third edition published by Routledge 2017"--T.p. verso.
505 0# - FORMATTED CONTENTS NOTE
Contents The Economic Characteristics of the Tourism Sector -- Measuring Tourism -- Tourism Demand -- Overtourism -- Tourism's Vulnerability: Terrorism and Pandemics -- Overtourism -- Tourism's Vulnerability: Terrorism and Pandemics -- Tourism Supply -- Pricing and Taxation -- Competition and the Tourism Destination -- Forecasting Tourism Demand -- Tourism as a Development Strategy -- Tourism Export-led Growth -- The Economic Impact of Tourism -- Micro-Evaluation of Projects in the Tourism and Hospitality Industry -- Macro-Evaluation of Projects in the Tourism and Hospitality Industry -- Tourism and Sustainable Development.
520 ## - SUMMARY, ETC.
Summary, etc "Revised and updated, the fourth edition of The Economics of Tourism Destinations provides a succinct guide to the economic aspects of tourism for students and practitioners alike to decipher the methods of measurement of supply, demand, trends and impacts as well as the role of tourism in a development strategy for destinations and regional development. Combining macro and micro aspects of economic to the tourism destination, this book is an invaluable resource for students studying this topic"--
650 #0 - SUBJECT ADDED ENTRY--TOPICAL TERM
Topical term or geographic name as entry element Tourism.
942 ## - ADDED ENTRY ELEMENTS (KOHA)
Source of classification or shelving scheme Dewey Decimal Classification
Koha item type General Books
504 ## - BIBLIOGRAPHY, ETC. NOTE
Bibliography, etc Includes bibliographical references and index.
776 08 - ADDITIONAL PHYSICAL FORM ENTRY
Display text Online version:
Main entry heading Vanhove, Norbert.
Title Economics of tourism destinations
Edition Fourth Edition.
Place, publisher, and date of publication New York : Routledge, 2022
International Standard Book Number 9781003258186
Record control number (DLC) 2021058198
Holdings
Withdrawn status Lost status Source of classification or shelving scheme Damaged status Not for loan Collection code Home library Location Shelving location Date of Cataloging Total Checkouts Full call number Barcode Date last seen Price effective from Koha item type
    Dewey Decimal Classification     Non-fiction CUTN Central Library CUTN Central Library Social Sciences 14/07/2023   338.479 VAN 46652 14/07/2023 14/07/2023 General Books